| 000 | 00571nam a2200205Ia 4500 | ||
|---|---|---|---|
| 005 | 20260114185905.0 | ||
| 008 | 008 260114s9999 xx 000 0 eng d | ||
| 020 | _a9781350218772 | ||
| 037 | _aEBOOK | ||
| 040 |
_aCRL _beng _cCRL |
||
| 041 |
_aeng _2eng |
||
| 084 | _qCRL | ||
| 100 |
_aTom Porteous _9875733 |
||
| 245 | 0 | _aBritain in Africa | |
| 260 |
_bBloomsbury _c2008 |
||
| 650 |
_aAfrican Studies _9875734 |
||
| 856 | _uhttps://doi.org/10.5040/9781350218772?locatt=label:secondary_bloomsburyCollections | ||
| 942 | _cEBOOK | ||
| 999 |
_c1474524 _d1474524 |
||